000 00235nam a2200121Ia 4500
100 _a#N/A
942 _cBK
245 _aProject Management Interview Questions
260 _b#N/A
082 _b21972
546 _aENGLISH
999 _c27545
_d27545